Studying language (Record no. 2229)

MARC details
000 -LEADER
fixed length control field 00542 a2200157 4500
000 - LEADER
fixed length control field BKB
001 - CONTROL NUMBER
control field 068573
005 - DATE AND TIME OF LATEST TRANSACTION
control field 20200902150111.0
008 - FIXED-LENGTH DATA ELEMENTS--GENERAL INFORMATION
fixed length control field
082 ## - DEWEY DECIMAL CLASSIFICATION NUMBER
Classification number 420.72
Item number C54S
100 1# - MAIN ENTRY--PERSONAL NAME
Personal name Clark, Urszula
245 1# - TITLE STATEMENT
Title Studying language
Statement of responsibility, etc by Urszula Clark
260 ## - PUBLICATION, DISTRIBUTION, ETC. (IMPRINT)
Place of publication, distribution, etc New York
Name of publisher, distributor, etc Palgrave
Date of publication, distribution, etc 2007
300 ## - PHYSICAL DESCRIPTION
Extent 186p.
690 ## - LOCAL SUBJECT ADDED ENTRY--TOPICAL TERM (OCLC, RLIN)
Topical term or geographic name as entry element English language--Discourse analysis; Sociolinguistics; English language--Rhetoric; English language--Variation; English language--Context; English language--Usage
Holdings
Withdrawn status Lost status Source of classification or shelving scheme Damaged status Not for loan Collection code Home library Current library Date acquired Source of acquisition Cost, normal purchase price Total Checkouts Full call number Barcode Date last seen Price effective from Koha item type
    Dewey Decimal Classification     General Text Book Central University Of Rajasthan Central University Of Rajasthan 07/03/2012 ENG 1270.00   420.72 C54S 2860 21/11/2024 02/09/2020 Books